000 00554nam a2200181Ia 4500
003 GCL
008 140319s9999 xx 000 0 ara d
040 _aGCL /
_cGCL
082 0 4 _a604.2
_bع ك
100 1 _aعبدالحميد جمعة
245 1 0 _aكراسة تمرينات الرسم الهندسى sketch Book /
_cعبدالحميد جمعة
700 1 _aعباس بيومى مصطفى
260 _a[S.N] :
_bدار الراتب الجامعية
300 _a144 ص
490 _a
650 0 4 _aالرسم الهندسى
942 _2ddc
_cBK
999 _c55648
_d55648